000 00873nam a2200241 i 4500
001 67114
003 ES-MaACL
005 20250829051559.0
007 t|
008 040506s1990 sp |||| | spa d
080 _a908(460.27 M.)"14/15"
100 1 _aAlvar Ezquerra, Alfredo,
_d1960-
_920585
245 1 3 _aLa villa de Madrid vista por los extranjeros en la alta edad moderna /
_cpor Alfredo Alvar E.
260 _aMadrid :
_bAyuntamiento :
_bInstituto de Estudios Madrileños,
_c1990.
300 _a43 p. ;
_c21 cm.
490 1 _aCiclo de conferencias: Madrid, capital europea de la cultura ;
_v3
651 4 _aMadrid-
_xDescripción.
_98952
710 2 _aInstituto de Estudios Madrileños
_94916
830 0 _aCiclo de conferencias: Madrid, capital europea de la cultura ;
_v3
_9183110
852 _aES-MaACL
_j2173-F-25
942 _2udc
999 _c67114
_d67114